000 00453nam a2200169Ia 4500
008 180921t2017 xxu||||| |||| 00| 0 sin d
041 _asin
080 _a294.
_bBAL
100 _aBalasooriya, A.S.
245 _aදිය බිදුව තුළ මහ සයුර
246 _aDiya Binduwa Thula Maha Sayura
260 _bGodage
_aColombo
_c2017
300 _b112p, 21cm
942 _cBK
999 _c708
_d708
003 LK-CoDNM
040 _aLK-CoDNM
_dLK-CoDNM
_eLK-CoDNM